Descriptive catalogue of manuscripts : (Record no. 891706)

MARC details
000 -LEADER
fixed length control field 00956nam a2200313 a 4500
001 - CONTROL NUMBER
control field vtls001440078
003 - CONTROL NUMBER IDENTIFIER
control field NLI
005 - DATE AND TIME OF LATEST TRANSACTION
control field 20210627122016.0
008 - FIXED-LENGTH DATA ELEMENTS--GENERAL INFORMATION
fixed length control field 121130m1994uuuuii 000 0 eng
039 #9 - LEVEL OF BIBLIOGRAPHIC CONTROL AND CODING DETAIL [OBSOLETE]
-- 201211301652
-- VLOAD
040 ## - CATALOGING SOURCE
Original cataloging agency NLI
Language of cataloging eng
Transcribing agency Datasoft_GENG
Description conventions AACR2
041 0# - LANGUAGE CODE
Language code of text/sound track or separate title eng
044 ## - COUNTRY OF PUBLISHING/PRODUCING ENTITY CODE
MARC country code ii
082 04 - DEWEY DECIMAL CLASSIFICATION NUMBER
Classification number 015.54031
245 00 - TITLE STATEMENT
Title Descriptive catalogue of manuscripts :
Remainder of title in the Government manuscripts library
260 ## - PUBLICATION, DISTRIBUTION, ETC.
Place of publication, distribution, etc. Poona :
Name of publisher, distributor, etc. Bhandarkar Oriental Research Institute,
Date of publication, distribution, etc. 1994-
300 ## - PHYSICAL DESCRIPTION
Extent -v. ;
Dimensions 24 cm.
500 ## - GENERAL NOTE
General note Serial number 34
500 ## - GENERAL NOTE
General note Library has Vol.4, Part-II
505 0# - FORMATTED CONTENTS NOTE
Formatted contents note Vol.4, part-II Kalpasutras / B. Grhya ..[et al.]
650 #0 - SUBJECT ADDED ENTRY--TOPICAL TERM
Topical term or geographic name entry element Manuscripts
9 (RLIN) 685861
650 #0 - SUBJECT ADDED ENTRY--TOPICAL TERM
Topical term or geographic name entry element Manuscripts
Form subdivision Catalogues
9 (RLIN) 999287
887 ## - NON-MARC INFORMATION FIELD
Content of non-MARC field
901 ## - LOCAL DATA ELEMENT A, LDA (RLIN)
a DB65822
b 22.08.1994
902 ## - LOCAL DATA ELEMENT B, LDB (RLIN)
a E 015.54031 D 455 d
904 ## - LOCAL DATA ELEMENT D, LDD (RLIN)
l 1560
949 ## - LOCAL PROCESSING INFORMATION (OCLC)
-- VIRTUAITEM
-- 10000
-- 100
6 DBA000065822ENG
942 ## - ADDED ENTRY ELEMENTS (KOHA)
Source of classification or shelving scheme Dewey Decimal Classification
Koha item type Books
Holdings
Withdrawn status Lost status Damaged status Not for loan Collection code Home library Current library Shelving location Date acquired Total Checkouts Full call number Barcode Date last seen Price effective from Koha item type
        New English National Library of India National Library of India New English - Main Stack Division     E 015.54031 D 455 d DBA000065822ENG 27/06/2021 27/06/2021 Books
                                                                           
web counter

Copyright ©2020 The National Library of India, Govt. of India ↔ Hosted by NVLI, MOC ↔ Technology and Design by National Library of India, Ministry of Culture, Govt. of India